00278nam a2200109 a 450000500170000000800410001702000150005824500450007326000200011899900170013804000130015520200930070629.0110914s1992 000 spa d a0252017374 0aBaseball : a history of america´s game. aChicago,c1992. c33415d33415 aDO-SdBNP